00990nam a22001817a 4500999001500000008004100015040000900056245028000065260006400345300004200409650005300451650005700504700003000561700002600591856006900617942001800686952010400704 c7967d7967230717b ||||| |||| 00| 0 eng d aCDMR aEstudi sobre la tipologia i tractament informatiu que rep la joventut migrada sense referents familiars en els mitjans de comunicació i les xarxes socials [Recurs electrònic] c/ estudi elaborat per Sònia Cormenzana, Joan Palomés ; amb el suport de Fundació Barça aBarcelona : bCol·legi de Periodistes de Catalunya, c2021 a1 recurs electrònic (162 pàgines) 094989aJoves immigrantsxCobertura periodística 094890aMigració forçosavCobertura periodística 94987aCormenzana, Sònia 94988aPalomés, Joan uhttps://omeka.periodistes.cat/items/show/647zAccés en línia 2udccLLIBRE-E 00102udc4070aCDMRbCDMRd2024-11-15l0oDisponible en líniar2024-11-15w2024-11-15yLLIBRE-E